<?xml version="1.0" encoding="UTF-8"?>
<record
    xmlns:xsi="http://www.w3.org/2001/XMLSchema-instance"
    xsi:schemaLocation="http://www.loc.gov/MARC21/slim http://www.loc.gov/standards/marcxml/schema/MARC21slim.xsd"
    xmlns="http://www.loc.gov/MARC21/slim">

  <leader>01840nam0a2200397   4500</leader>
  <controlfield tag="001">RU\NLR\BIBL_A\012025864</controlfield>
  <controlfield tag="005">20190618132102.0</controlfield>
  <datafield tag="010" ind1=" " ind2=" ">
    <subfield code="a">978-5-17-115323-6</subfield>
    <subfield code="9">10000</subfield>
  </datafield>
  <datafield tag="021" ind1=" " ind2=" ">
    <subfield code="a">RU</subfield>
    <subfield code="b">&#x41A;&#x41D;-&#x41F;-19-032776</subfield>
    <subfield code="9">&#x41A;&#x41D;-&#x41F;-19-2437</subfield>
  </datafield>
  <datafield tag="035" ind1=" " ind2=" ">
    <subfield code="a">(NLR Aleph) 012025864</subfield>
  </datafield>
  <datafield tag="035" ind1=" " ind2=" ">
    <subfield code="a">(RuMoRGB)009970002</subfield>
  </datafield>
  <datafield tag="090" ind1=" " ind2=" ">
    <subfield code="a">11525719</subfield>
    <subfield code="c">11525719</subfield>
  </datafield>
  <datafield tag="100" ind1=" " ind2=" ">
    <subfield code="a">20190530d2019    d  y0rusy50      ca</subfield>
  </datafield>
  <datafield tag="101" ind1="1" ind2=" ">
    <subfield code="a">rus</subfield>
    <subfield code="c">eng</subfield>
  </datafield>
  <datafield tag="102" ind1=" " ind2=" ">
    <subfield code="a">RU</subfield>
  </datafield>
  <datafield tag="105" ind1=" " ind2=" ">
    <subfield code="a">a   z   000ay</subfield>
  </datafield>
  <datafield tag="200" ind1="1" ind2=" ">
    <subfield code="a">&#x41C;&#x441;&#x442;&#x438;&#x442;&#x435;&#x43B;&#x438;</subfield>
    <subfield code="i">&#x424;&#x438;&#x43D;&#x430;&#x43B;</subfield>
    <subfield code="i">&#x41F;&#x443;&#x442;&#x44C; &#x433;&#x435;&#x440;&#x43E;&#x435;&#x432;: &#x410;&#x43D;&#x433;&#x435;&#x43B;&#x44C;&#x441;&#x43A;&#x438;&#x439; &#x43F;&#x438;&#x440;&#x430;&#x442;, &#x413;&#x43E;&#x432;&#x43E;&#x440;&#x44F;&#x449;&#x435;&#x435; &#x434;&#x440;&#x435;&#x432;&#x43E; &#x438; &#x41A;&#x430;&#x43F;&#x438;&#x442;&#x430;&#x43D; &#x41A;&#x440;&#x43E;&#x43B;&#x438;&#x43A;</subfield>
    <subfield code="e">[&#x440;&#x43E;&#x43C;&#x430;&#x43D;]</subfield>
    <subfield code="f">&#x421;&#x442;&#x438;&#x432; &#x411;&#x435;&#x43B;&#x438;&#x43D;&#x433;</subfield>
    <subfield code="g">[&#x43F;&#x435;&#x440;&#x435;&#x432;&#x43E;&#x434; &#x441; &#x430;&#x43D;&#x433;&#x43B;&#x438;&#x439;&#x441;&#x43A;&#x43E;&#x433;&#x43E; &#x421;. &#x41F;&#x43E;&#x442;&#x430;&#x43F;&#x43E;&#x432;&#x43E;&#x439;]</subfield>
    <subfield code="g">MARVEL</subfield>
  </datafield>
  <datafield tag="210" ind1=" " ind2=" ">
    <subfield code="a">&#x41C;&#x43E;&#x441;&#x43A;&#x432;&#x430;</subfield>
    <subfield code="c">&#x410;&#x421;&#x422;</subfield>
    <subfield code="d">2019</subfield>
  </datafield>
  <datafield tag="215" ind1=" " ind2=" ">
    <subfield code="a">187, [2] &#x441;.</subfield>
    <subfield code="c">&#x438;&#x43B;.</subfield>
    <subfield code="d">2</subfield>
  </datafield>
  <datafield tag="225" ind1="1" ind2=" ">
    <subfield code="a">&#x421;&#x435;&#x440;&#x438;&#x44F; "&#x412;&#x441;&#x435;&#x43B;&#x435;&#x43D;&#x43D;&#x430;&#x44F; MARVEL"</subfield>
  </datafield>
  <datafield tag="300" ind1=" " ind2=" ">
    <subfield code="a">&#x412; &#x432;&#x44B;&#x43F;. &#x434;&#x430;&#x43D;. &#x438; &#x432; &#x43C;&#x430;&#x43A;&#x435;&#x442;&#x435; &#x437;&#x430;&#x433;&#x43B;.: &#x41F;&#x443;&#x442;&#x44C; &#x433;&#x435;&#x440;&#x43E;&#x435;&#x432;: &#x410;&#x43D;&#x433;&#x435;&#x43B;&#x44C;&#x441;&#x43A;&#x438;&#x439; &#x43F;&#x438;&#x440;&#x430;&#x442;, &#x413;&#x43E;&#x432;&#x43E;&#x440;&#x44F;&#x449;&#x435;&#x435; &#x434;&#x440;&#x435;&#x432;&#x43E; &#x438; &#x41A;&#x430;&#x43F;&#x438;&#x442;&#x430;&#x43D;</subfield>
  </datafield>
  <datafield tag="300" ind1=" " ind2=" ">
    <subfield code="a">&#x417;&#x430;&#x433;&#x43B;. &#x43A;&#x43E;&#x440;&#x435;&#x448;&#x43A;&#x430;: &#x41C;&#x441;&#x442;&#x438;&#x442;&#x435;&#x43B;&#x438;. &#x424;&#x438;&#x43D;&#x430;&#x43B;. &#x41F;&#x443;&#x442;&#x44C; &#x433;&#x435;&#x440;&#x43E;&#x435;&#x432;</subfield>
  </datafield>
  <datafield tag="300" ind1=" " ind2=" ">
    <subfield code="a">&#x41D;&#x430; &#x43E;&#x431;&#x43B;. &#x442;&#x430;&#x43A;&#x436;&#x435;: &#x41F;&#x440;&#x435;&#x434;&#x44B;&#x441;&#x442;&#x43E;&#x440;&#x438;&#x44F; &#x41C;&#x441;&#x442;&#x438;&#x442;&#x435;&#x43B;&#x438;. &#x424;&#x438;&#x43D;&#x430;&#x43B;</subfield>
  </datafield>
  <datafield tag="300" ind1=" " ind2=" ">
    <subfield code="a">&#x41D;&#x430; &#x43E;&#x431;&#x43B;. &#x430;&#x432;&#x442;. &#x43D;&#x435; &#x443;&#x43A;&#x430;&#x437;&#x430;&#x43D;</subfield>
  </datafield>
  <datafield tag="333" ind1=" " ind2=" ">
    <subfield code="a">12+</subfield>
  </datafield>
  <datafield tag="516" ind1="1" ind2=" ">
    <subfield code="a">&#x41C;&#x441;&#x442;&#x438;&#x442;&#x435;&#x43B;&#x438;. &#x424;&#x438;&#x43D;&#x430;&#x43B;. &#x41F;&#x443;&#x442;&#x44C; &#x433;&#x435;&#x440;&#x43E;&#x435;&#x432;</subfield>
  </datafield>
  <datafield tag="517" ind1="1" ind2=" ">
    <subfield code="a">&#x41F;&#x440;&#x435;&#x434;&#x44B;&#x441;&#x442;&#x43E;&#x440;&#x438;&#x44F; &#x41C;&#x441;&#x442;&#x438;&#x442;&#x435;&#x43B;&#x438;. &#x424;&#x438;&#x43D;&#x430;&#x43B;</subfield>
  </datafield>
  <datafield tag="686" ind1="1" ind2=" ">
    <subfield code="a">&#x428;6(7&#x421;&#x428;&#x410;)67-445{&#x41B;&#x445;1979-62}</subfield>
  </datafield>
  <datafield tag="700" ind1=" " ind2="1">
    <subfield code="a">&#x411;&#x435;&#x43B;&#x438;&#x43D;&#x433;</subfield>
    <subfield code="b">&#x421;.</subfield>
    <subfield code="f">1968-</subfield>
    <subfield code="g">&#x421;&#x442;&#x438;&#x432;</subfield>
    <subfield code="3">RU\NLR\AUTH\770166890</subfield>
  </datafield>
  <datafield tag="942" ind1=" " ind2=" ">
    <subfield code="c">BOOK</subfield>
  </datafield>
  <datafield tag="980" ind1=" " ind2=" ">
    <subfield code="a">NBR</subfield>
  </datafield>
  <datafield tag="980" ind1=" " ind2=" ">
    <subfield code="a">NB</subfield>
  </datafield>
</record>
